[Event "DEM U12w 2021"]
[Site "Willingen GER"]
[Date "2021.08.26"]
[Round "5"]
[White "Milman, Sophie"]
[Black "Halas, Neele Zoe"]
[Result "0-1"]
[Termination "normal"]
[Board "12"]
[WhiteElo "1024"]
[BlackElo "1494"]
[WhiteClock "00:28:44"]
[BlackClock "00:27:35"]
[PlyCount "154"]
[WhiteFideId "34608885"]
[BlackFideId "16287282"]
[EventCountry "GER"]
[EventRounds "9"]
[EventType "swiss"]
[EventDate "2021.08.22"]

1. e4 {[%clk 1:30:59]} e5 {[%clk 1:30:55]} 2. Nf3 {[%clk 1:31:23]} Nc6 {[%clk
1:31:20]} 3. d4 {[%clk 1:31:44]} exd4 {[%clk 1:31:46]} 4. Nxd4 {[%clk 1:32:00]}
Bc5 {[%clk 1:32:11]} 5. Be3 {[%clk 1:32:05]} Qf6 {[%clk 1:32:28]} 6. c3 {[%clk
1:32:12]} Nge7 {[%clk 1:32:53]} 7. Bc4 {[%clk 1:32:12]} O-O {[%clk 1:33:13]} 8.
O-O {[%clk 1:32:26]} Qg6 {[%clk 1:33:33]} 9. f3 {[%clk 1:26:07]} Bxd4 {[%clk
1:32:10]} 10. Bxd4 {[%clk 1:24:59]} Nxd4 {[%clk 1:32:14]} 11. Qxd4 {[%clk
1:24:14]} Qb6 {[%clk 1:26:13]} 12. Qxb6 {[%clk 1:22:42]} axb6 {[%clk 1:26:08]}
13. Nd2 {[%clk 1:20:02]} Nc6 {[%clk 1:23:33]} 14. f4 d6 {[%clk 1:20:32]} 15.
Nf3 {[%clk 1:12:47]} Bd7 {[%clk 1:08:16]} 16. Nd4 {[%clk 1:08:56]} Rfe8 {[%clk
1:03:13]} 17. Rfe1 Re7 {[%clk 0:58:58]} 18. Re3 {[%clk 1:01:41]} Nxd4 {[%clk
0:48:31]} 19. cxd4 {[%clk 1:01:06]} Kf8 {[%clk 0:45:36]} 20. Rae1 Ra4 {[%clk
0:43:01]} 21. b3 {[%clk 0:54:06]} Rxa2 {[%clk 0:42:17]} 22. e5 b5 {[%clk
0:34:43]} 23. Bd3 {[%clk 0:47:49]} dxe5 {[%clk 0:32:28]} 24. Rxe5 {[%clk
0:45:57]} Rxe5 {[%clk 0:32:30]} 25. Rxe5 {[%clk 0:45:31]} c6 {[%clk 0:32:31]}
26. Bxh7 {[%clk 0:44:27]} g6 {[%clk 0:32:17]} 27. Kf1 {[%clk 0:39:46]} Be6 28.
Bxg6 {[%clk 0:35:12]} Bxb3 {[%clk 0:29:32]} 29. Bh5 {[%clk 0:31:46]} Bd5 {[%clk
0:29:30]} 30. Re2 {[%clk 0:29:52]} Bc4 {[%clk 0:29:26]} 31. Kf2 {[%clk
0:28:33]} Bxe2 {[%clk 0:29:15]} 32. Bxe2 {[%clk 0:28:43]} Ke7 {[%clk 0:29:28]}
33. Ke3 {[%clk 0:26:58]} Ke6 {[%clk 0:27:17]} 34. Kd3 {[%clk 0:26:26]} Ra3+
{[%clk 0:25:45]} 35. Kd2 {[%clk 0:25:20]} Kd5 {[%clk 0:25:08]} 36. h4 {[%clk
0:24:53]} Kxd4 {[%clk 0:24:23]} 37. h5 {[%clk 0:24:58]} Ra2+ {[%clk 0:24:35]}
38. Kd1 {[%clk 0:24:38]} Kc3 {[%clk 0:24:09]} 39. Bf3 {[%clk 0:23:54]} b4
{[%clk 0:21:50]} 40. h6 {[%clk 0:23:47]} b3 {[%clk 0:21:12]} 41. h7 {[%clk
0:23:52]} Ra8 {[%clk 0:21:24]} 42. Be4 {[%clk 0:23:09]} b2 {[%clk 0:20:33]} 43.
g4 {[%clk 0:22:39]} Rd8+ {[%clk 0:20:15]} 44. Ke2 {[%clk 0:22:37]} Kd4 {[%clk
0:19:06]} 45. Kf3 {[%clk 0:22:26]} c5 {[%clk 0:18:41]} 46. g5 {[%clk 0:21:51]}
Rh8 {[%clk 0:11:37]} 47. f5 {[%clk 0:21:21]} Ke5 {[%clk 0:11:04]} 48. g6 {[%clk
0:20:07]} fxg6 {[%clk 0:09:55]} 49. fxg6 {[%clk 0:20:07]} Kf6 {[%clk 0:10:11]}
50. Ke3 {[%clk 0:20:16]} Kg7 {[%clk 0:09:45]} 51. Kd2 {[%clk 0:20:07]} Rd8+
{[%clk 0:09:15]} 52. Kc2 {[%clk 0:20:08]} Rd4 {[%clk 0:07:31]} 53. Bf5 {[%clk
0:19:31]} Rb4 {[%clk 0:07:27]} 54. Kb1 {[%clk 0:19:17]} c4 {[%clk 0:07:04]} 55.
Be4 {[%clk 0:18:41]} c3 {[%clk 0:05:59]} 56. Bf5 {[%clk 0:17:35]} Rc4 {[%clk
0:04:07]} 57. Bd3 {[%clk 0:17:00]} Rc5 {[%clk 0:03:44]} 58. Be4 {[%clk
0:14:54]} b5 {[%clk 0:03:52]} 59. Kc2 {[%clk 0:13:59]} Re5 {[%clk 0:27:39]} 60.
Bd3 Re1 {[%clk 0:25:06]} 61. Kxc3 {[%clk 0:36:39]} b1=Q {[%clk 0:25:24]} 62.
Bxb1 {[%clk 0:34:13]} Rxb1 {[%clk 0:25:29]} 63. Kc2 {[%clk 0:34:35]} Rb4 {[%clk
0:25:29]} 64. Kc3 {[%clk 0:34:34]} Rc4+ {[%clk 0:25:47]} 65. Kb3 {[%clk
0:34:25]} Rc8 {[%clk 0:25:55]} 66. Kb4 {[%clk 0:33:42]} Rb8 {[%clk 0:26:17]}
67. Ka3 {[%clk 0:33:15]} Kxg6 {[%clk 0:26:22]} 68. h8=Q Rxh8 69. Kb4 {[%clk
0:32:35]} Rc8 {[%clk 0:26:31]} 70. Kxb5 {[%clk 0:32:20]} Kf6 {[%clk 0:26:47]}
71. Kb4 {[%clk 0:32:37]} Ke5 {[%clk 0:26:57]} 72. Kb3 {[%clk 0:32:52]} Kd4
{[%clk 0:27:14]} 73. Kb2 {[%clk 0:33:12]} Kd3 {[%clk 0:27:35]} 74. Kb1 {[%clk
0:32:15]} Rc2 {[%clk 0:27:35]} 75. Ka1 {[%clk 0:32:29]} Kc3 {[%clk 0:27:43]}
76. Kb1 {[%clk 0:32:37]} Kb3 {[%clk 0:27:59]} 77. Ka1 {[%clk 0:28:44]} Rc1#
{[%clk 0:27:35]} 0-1

[Event "DEM U12w 2021"]
[Site "Willingen GER"]
[Date "2021.08.26"]
[Round "5"]
[White "Moldovan, Stela"]
[Black "Tran, Hanna Emilie Mai Hoa"]
[Result "1-0"]
[Termination "normal"]
[Board "13"]
[WhiteElo "1251"]
[BlackElo "1077"]
[WhiteClock "00:10:07"]
[BlackClock "00:26:05"]
[PlyCount "81"]
[WhiteFideId "16287380"]
[BlackFideId "16267869"]
[EventCountry "GER"]
[EventRounds "9"]
[EventType "swiss"]
[EventDate "2021.08.22"]

1. d4 {[%clk 1:30:56]} g6 {[%clk 1:30:54]} 2. Nf3 {[%clk 1:31:16]} Bg7 {[%clk
1:31:20]} 3. e3 {[%clk 1:31:34]} d6 {[%clk 1:31:41]} 4. c4 {[%clk 1:30:51]} e5
{[%clk 1:31:30]} 5. Nc3 {[%clk 1:30:46]} exd4 {[%clk 1:30:21]} 6. exd4 {[%clk
1:30:52]} Nf6 {[%clk 1:30:25]} 7. Be2 {[%clk 1:29:16]} O-O {[%clk 1:29:34]} 8.
Be3 {[%clk 1:28:18]} Bf5 {[%clk 1:24:55]} 9. Nh4 {[%clk 1:24:07]} Bd7 {[%clk
1:23:10]} 10. Nf3 {[%clk 1:13:43]} Re8 {[%clk 1:15:39]} 11. O-O {[%clk
1:04:35]} Ng4 {[%clk 1:09:44]} 12. Bd2 {[%clk 0:57:27]} c5 13. d5 {[%clk
0:55:51]} Bf5 {[%clk 1:04:23]} 14. Bg5 {[%clk 0:40:43]} Bf6 {[%clk 1:02:19]}
15. Bf4 {[%clk 0:38:11]} Nd7 {[%clk 0:59:57]} 16. Bxd6 {[%clk 0:33:17]} Qb6
{[%clk 0:54:24]} 17. Nd2 {[%clk 0:12:13]} Qxd6 {[%clk 0:50:19]} 18. Bxg4 {[%clk
0:11:56]} Bd3 {[%clk 0:45:27]} 19. Be2 {[%clk 0:08:03]} Bxe2 {[%clk 0:44:22]}
20. Nxe2 {[%clk 0:08:28]} Bxb2 {[%clk 0:43:54]} 21. Rb1 {[%clk 0:08:41]} Be5
{[%clk 0:44:05]} 22. Nf3 {[%clk 0:08:42]} b6 {[%clk 0:43:56]} 23. Nxe5 {[%clk
0:08:38]} Nxe5 {[%clk 0:43:02]} 24. Rc1 {[%clk 0:08:34]} Ng4 {[%clk 0:39:58]}
25. Ng3 {[%clk 0:08:48]} Re4 {[%clk 0:39:28]} 26. h3 {[%clk 0:07:46]} Rd4
{[%clk 0:37:35]} 27. Qe2 {[%clk 0:06:26]} Ne5 {[%clk 0:36:18]} 28. Rfd1 {[%clk
0:06:00]} Rxd1+ {[%clk 0:35:25]} 29. Rxd1 {[%clk 0:06:27]} Rd8 {[%clk 0:32:17]}
30. Ne4 {[%clk 0:06:21]} Qc7 {[%clk 0:31:14]} 31. d6 {[%clk 0:06:39]} Qc6
{[%clk 0:30:12]} 32. Nf6+ {[%clk 0:07:02]} Kf8 {[%clk 0:29:07]} 33. Qxe5 {[%clk
0:07:23]} Re8 {[%clk 0:25:11]} 34. Nxe8 {[%clk 0:07:33]} Qxe8 {[%clk 0:25:30]}
35. Qxe8+ {[%clk 0:07:59]} Kxe8 {[%clk 0:25:55]} 36. d7+ {[%clk 0:08:21]} Kd8
{[%clk 0:26:19]} 37. f4 {[%clk 0:08:40]} f5 {[%clk 0:26:13]} 38. g4 {[%clk
0:09:05]} h5 {[%clk 0:25:35]} 39. gxh5 {[%clk 0:09:19]} gxh5 {[%clk 0:25:46]}
40. h4 a6 {[%clk 0:26:05]} 41. Rd5 {[%clk 0:10:07]} 1-0

[Event "DEM U12w 2021"]
[Site "Willingen GER"]
[Date "2021.08.26"]
[Round "5"]
[White "Krasikova, Milana"]
[Black "Eger, Nora"]
[Result "0-1"]
[Termination "normal"]
[Board "14"]
[WhiteElo "1244"]
[BlackElo "1281"]
[WhiteClock "00:00:44"]
[BlackClock "00:26:36"]
[PlyCount "63"]
[WhiteFideId "16287347"]
[BlackFideId "34605827"]
[EventCountry "GER"]
[EventRounds "9"]
[EventType "swiss"]
[EventDate "2021.08.22"]

1. e4 {[%clk 1:30:59]} d6 {[%clk 1:30:55]} 2. d4 {[%clk 1:31:24]} Nf6 {[%clk
1:31:06]} 3. Nc3 {[%clk 1:31:39]} g6 {[%clk 1:31:12]} 4. h4 {[%clk 1:31:41]}
Bg7 {[%clk 1:30:05]} 5. Be2 {[%clk 1:31:39]} Nbd7 {[%clk 1:25:54]} 6. Be3
{[%clk 1:27:50]} e5 {[%clk 1:24:50]} 7. dxe5 {[%clk 1:21:29]} dxe5 {[%clk
1:23:34]} 8. Qd2 {[%clk 1:16:49]} Qe7 {[%clk 1:21:23]} 9. Bg5 {[%clk 1:07:02]}
Qd6 {[%clk 1:14:06]} 10. O-O-O {[%clk 1:02:04]} Qxd2+ {[%clk 1:14:05]} 11. Rxd2
{[%clk 1:01:03]} c6 {[%clk 1:06:23]} 12. g4 {[%clk 0:43:57]} b5 {[%clk
0:58:21]} 13. f3 {[%clk 0:35:10]} a5 {[%clk 0:56:27]} 14. h5 {[%clk 0:30:14]}
a4 {[%clk 0:53:09]} 15. h6 {[%clk 0:27:57]} Bf8 {[%clk 0:51:50]} 16. f4 {[%clk
0:23:48]} b4 {[%clk 0:49:51]} 17. Bf3 {[%clk 0:10:17]} bxc3 {[%clk 0:49:07]}
18. bxc3 {[%clk 0:09:30]} Ba3+ {[%clk 0:47:20]} 19. Kd1 {[%clk 0:07:27]} exf4
{[%clk 0:45:27]} 20. Ne2 {[%clk 0:04:01]} Rb8 {[%clk 0:42:29]} 21. Nxf4 {[%clk
0:02:31]} Rb1+ {[%clk 0:41:47]} 22. Ke2 {[%clk 0:02:40]} Rxh1 {[%clk 0:41:41]}
23. Bxh1 {[%clk 0:02:48]} Bc1 {[%clk 0:39:55]} 24. Rd6 {[%clk 0:01:30]} Bxf4
{[%clk 0:38:50]} 25. Bxf4 {[%clk 0:01:46]} Nxg4 {[%clk 0:37:32]} 26. Rxc6
{[%clk 0:01:41]} O-O {[%clk 0:36:13]} 27. c4 {[%clk 0:01:00]} Nde5 {[%clk
0:34:00]} 28. Rc5 {[%clk 0:00:55]} Re8 {[%clk 0:32:36]} 29. Kd2 {[%clk
0:00:52]} Bb7 {[%clk 0:30:27]} 30. Kc3 {[%clk 0:00:56]} Nf2 {[%clk 0:27:46]}
31. Bxe5 {[%clk 0:00:44]} Nxh1 {[%clk 0:26:36]} 32. Kd4 1-0

[Event "DEM U12w 2021"]
[Site "Willingen GER"]
[Date "2021.08.26"]
[Round "5"]
[White "Strübel, Katharina"]
[Black "Kutz, Ida Klara"]
[Result "1-0"]
[Termination "normal"]
[Board "15"]
[WhiteElo "1154"]
[BlackElo "1258"]
[WhiteClock "00:32:08"]
[BlackClock "00:35:33"]
[PlyCount "77"]
[WhiteFideId "16284879"]
[BlackFideId "16296257"]
[EventCountry "GER"]
[EventRounds "9"]
[EventType "swiss"]
[EventDate "2021.08.22"]

1. e4 {[%clk 1:30:54]} c5 {[%clk 1:30:54]} 2. Nf3 {[%clk 1:31:09]} e6 {[%clk
1:31:08]} 3. d4 {[%clk 1:31:07]} cxd4 {[%clk 1:31:31]} 4. Nxd4 {[%clk 1:30:58]}
Nf6 {[%clk 1:31:49]} 5. Nc3 {[%clk 1:30:23]} d6 {[%clk 1:31:47]} 6. Be3 {[%clk
1:29:23]} Be7 {[%clk 1:31:38]} 7. Be2 {[%clk 1:28:44]} Nc6 {[%clk 1:31:43]} 8.
O-O {[%clk 1:27:59]} O-O {[%clk 1:31:57]} 9. Kh1 {[%clk 1:26:39]} e5 {[%clk
1:31:29]} 10. Nb3 {[%clk 1:25:37]} Na5 {[%clk 1:30:53]} 11. f4 {[%clk 1:23:45]}
Nxb3 {[%clk 1:27:42]} 12. axb3 {[%clk 1:22:33]} a6 {[%clk 1:20:38]} 13. Rf3
{[%clk 1:18:01]} Bd7 {[%clk 1:17:26]} 14. Rg3 {[%clk 1:14:29]} Re8 {[%clk
1:15:33]} 15. f5 {[%clk 1:10:00]} b5 {[%clk 1:11:38]} 16. Bh6 {[%clk 1:09:01]}
g6 {[%clk 1:10:57]} 17. fxg6 {[%clk 1:06:58]} fxg6 {[%clk 1:11:06]} 18. Bf3
{[%clk 1:03:42]} Bc6 {[%clk 1:09:48]} 19. Na2 {[%clk 1:01:23]} Nxe4 {[%clk
1:07:12]} 20. Bxe4 {[%clk 0:56:38]} Bxe4 {[%clk 1:07:19]} 21. Qg4 {[%clk
0:55:06]} Bf5 {[%clk 1:07:03]} 22. Qxf5 {[%clk 0:55:23]} Kh8 {[%clk 1:02:43]}
23. Qf7 {[%clk 0:51:12]} Rg8 {[%clk 1:00:51]} 24. Rh3 {[%clk 0:48:39]} Bh4
{[%clk 0:58:56]} 25. g3 {[%clk 0:48:50]} Qf6 {[%clk 0:57:45]} 26. Rf1 {[%clk
0:48:34]} Qxf7 {[%clk 0:54:22]} 27. Rxf7 {[%clk 0:48:32]} Rge8 {[%clk 0:53:29]}
28. Rxh4 {[%clk 0:48:36]} d5 {[%clk 0:51:53]} 29. Bg5 {[%clk 0:47:54]} h5
{[%clk 0:47:04]} 30. Bf6+ {[%clk 0:46:32]} Kg8 {[%clk 0:45:48]} 31. Rg7+ {[%clk
0:42:31]} Kf8 {[%clk 0:45:54]} 32. g4 {[%clk 0:42:05]} Re6 {[%clk 0:44:57]} 33.
Rh7 {[%clk 0:41:38]} Rae8 {[%clk 0:44:07]} 34. Rh8+ {[%clk 0:40:07]} Kf7 {[%clk
0:43:33]} 35. Rxe8 {[%clk 0:38:12]} Rxe8 {[%clk 0:42:54]} 36. Bg5 {[%clk
0:37:54]} hxg4 {[%clk 0:42:05]} 37. Rxg4 {[%clk 0:38:08]} Ke6 {[%clk 0:38:31]}
38. Nb4 {[%clk 0:32:51]} a5 {[%clk 0:35:33]} 39. Nc6 {[%clk 0:32:08]} 1-0

[Event "DEM U12w 2021"]
[Site "Willingen GER"]
[Date "2021.08.26"]
[Round "5"]
[White "Hoffmann, Svenja"]
[Black "Neumeier, Valentina"]
[Result "1-0"]
[Termination "normal"]
[Board "16"]
[WhiteElo "1307"]
[BlackElo "1128"]
[WhiteClock "01:24:47"]
[BlackClock "01:00:38"]
[PlyCount "95"]
[WhiteFideId "16287312"]
[BlackFideId "34608222"]
[EventCountry "GER"]
[EventRounds "9"]
[EventType "swiss"]
[EventDate "2021.08.22"]

1. e4 {[%clk 1:30:57]} e5 {[%clk 1:30:57]} 2. Nf3 {[%clk 1:31:10]} Nc6 {[%clk
1:31:23]} 3. c3 {[%clk 1:30:52]} Nf6 {[%clk 1:31:42]} 4. d4 {[%clk 1:30:53]} d6
{[%clk 1:31:43]} 5. Bb5 {[%clk 1:30:00]} a6 {[%clk 1:32:00]} 6. dxe5 {[%clk
1:29:45]} Nxe4 {[%clk 1:31:18]} 7. Bxc6+ {[%clk 1:29:11]} bxc6 {[%clk 1:31:27]}
8. Qa4 {[%clk 1:28:29]} Nc5 {[%clk 1:30:34]} 9. Qd1 {[%clk 1:26:20]} Bg4 {[%clk
1:30:40]} 10. b4 {[%clk 1:25:03]} Ne4 {[%clk 1:29:34]} 11. Qd3 {[%clk 1:24:35]}
d5 {[%clk 1:29:32]} 12. Nbd2 {[%clk 1:23:28]} Nxd2 {[%clk 1:29:42]} 13. Bxd2
{[%clk 1:23:52]} Bxf3 {[%clk 1:30:06]} 14. Qxf3 {[%clk 1:24:11]} Be7 {[%clk
1:29:29]} 15. O-O {[%clk 1:24:27]} O-O {[%clk 1:29:52]} 16. Qg4 {[%clk
1:24:31]} g6 {[%clk 1:29:07]} 17. e6 {[%clk 1:24:03]} Qd6 {[%clk 1:28:20]} 18.
Rfe1 {[%clk 1:24:03]} fxe6 {[%clk 1:28:01]} 19. Rxe6 {[%clk 1:23:22]} Qd8
{[%clk 1:20:57]} 20. Bh6 {[%clk 1:22:32]} Rf6 {[%clk 1:18:24]} 21. Rae1 {[%clk
1:22:00]} Qd7 {[%clk 1:16:46]} 22. Bg5 {[%clk 1:20:50]} Rxe6 {[%clk 1:16:19]}
23. Rxe6 {[%clk 1:20:50]} Bxg5 {[%clk 1:16:26]} 24. Rxg6+ {[%clk 1:20:59]} hxg6
{[%clk 1:15:49]} 25. Qxd7 {[%clk 1:21:19]} Rd8 {[%clk 1:15:22]} 26. Qxc7 {[%clk
1:21:28]} d4 {[%clk 1:15:30]} 27. cxd4 {[%clk 1:21:41]} Rxd4 {[%clk 1:15:47]}
28. g3 {[%clk 1:22:05]} Rxb4 {[%clk 1:14:57]} 29. Qa5 {[%clk 1:21:57]} Bd2
{[%clk 1:14:29]} 30. Qxa6 {[%clk 1:22:11]} Rb1+ {[%clk 1:13:27]} 31. Kg2 {[%clk
1:22:31]} Rc1 {[%clk 1:13:31]} 32. Qc8+ {[%clk 1:22:45]} Kf7 {[%clk 1:09:37]}
33. Qd7+ {[%clk 1:22:46]} Kf6 {[%clk 1:09:33]} 34. Qxd2 {[%clk 1:23:06]} Rc4
{[%clk 1:09:34]} 35. Qd3 {[%clk 1:22:52]} Ra4 {[%clk 1:08:48]} 36. Qf3+ {[%clk
1:22:39]} Ke7 {[%clk 1:08:33]} 37. Qxc6 {[%clk 1:22:52]} Rxa2 {[%clk 1:08:35]}
38. Qxg6 {[%clk 1:22:47]} Re2 {[%clk 1:05:23]} 39. h4 {[%clk 1:23:04]} Re6
{[%clk 1:05:21]} 40. Qg5+ {[%clk 1:23:22]} Kf7 {[%clk 1:04:51]} 41. h5 {[%clk
1:23:40]} Rd6 {[%clk 1:03:26]} 42. h6 {[%clk 1:23:41]} Rg6 {[%clk 1:03:43]} 43.
Qf5+ {[%clk 1:24:04]} Rf6 {[%clk 1:03:52]} 44. Qh5+ {[%clk 1:24:09]} Rg6 {[%clk
1:02:39]} 45. h7 {[%clk 1:24:28]} Kf6 {[%clk 1:01:18]} 46. h8=Q+ {[%clk
1:24:43]} Rg7 {[%clk 1:00:32]} 47. Qf8+ {[%clk 1:24:32]} Rf7 {[%clk 1:00:38]}
48. Qfxf7# {[%clk 1:24:47]} 1-0

[Event "DEM U12w 2021"]
[Site "Willingen GER"]
[Date "2021.08.26"]
[Round "5"]
[White "Woiteck, Sophia"]
[Black "Kopylov, Diana"]
[Result "1-0"]
[Termination "normal"]
[Board "17"]
[WhiteElo "1293"]
[BlackElo "1007"]
[WhiteClock "00:07:10"]
[BlackClock "00:12:53"]
[PlyCount "101"]
[WhiteFideId "34608753"]
[BlackFideId "16268865"]
[EventCountry "GER"]
[EventRounds "9"]
[EventType "swiss"]
[EventDate "2021.08.22"]

1. e4 {[%clk 1:30:56]} c5 {[%clk 1:30:56]} 2. Nf3 {[%clk 1:31:13]} d6 {[%clk
1:31:20]} 3. d4 {[%clk 1:31:28]} cxd4 {[%clk 1:31:44]} 4. Nxd4 {[%clk 1:31:48]}
Nf6 {[%clk 1:32:09]} 5. f3 {[%clk 1:31:59]} g6 {[%clk 1:32:27]} 6. c4 {[%clk
1:32:16]} Bg7 {[%clk 1:31:58]} 7. Nc3 {[%clk 1:32:08]} Nc6 {[%clk 1:30:28]} 8.
Be3 {[%clk 1:30:54]} O-O {[%clk 1:29:58]} 9. Qd2 {[%clk 1:28:49]} a6 {[%clk
1:25:04]} 10. Be2 {[%clk 1:26:13]} Bd7 {[%clk 1:21:21]} 11. O-O {[%clk
1:23:58]} Rc8 {[%clk 1:21:26]} 12. Rac1 {[%clk 1:15:34]} Ne5 {[%clk 1:18:37]}
13. Nd5 {[%clk 1:00:52]} e6 {[%clk 1:08:17]} 14. Nxf6+ {[%clk 0:50:47]} Bxf6
{[%clk 1:07:05]} 15. f4 {[%clk 0:50:32]} Nc6 {[%clk 1:04:53]} 16. b3 {[%clk
0:46:36]} e5 {[%clk 0:58:45]} 17. Nf3 {[%clk 0:46:07]} Qe7 {[%clk 0:50:05]} 18.
Rcd1 {[%clk 0:41:27]} exf4 {[%clk 0:43:50]} 19. Bxf4 {[%clk 0:41:00]} Qxe4
{[%clk 0:43:19]} 20. Qxd6 {[%clk 0:39:33]} Bg7 {[%clk 0:36:18]} 21. Rfe1 {[%clk
0:26:50]} Bc3 {[%clk 0:29:25]} 22. Bd3 {[%clk 0:24:34]} Bb4 {[%clk 0:26:20]}
23. Qxf8+ {[%clk 0:21:53]} Rxf8 {[%clk 0:26:08]} 24. Rxe4 {[%clk 0:22:01]} Bf5
{[%clk 0:26:06]} 25. Re2 {[%clk 0:22:13]} Rd8 {[%clk 0:25:48]} 26. Bc2 {[%clk
0:22:14]} Bc5+ {[%clk 0:24:10]} 27. Kf1 {[%clk 0:21:09]} Rxd1+ {[%clk 0:23:56]}
28. Bxd1 {[%clk 0:21:14]} Bd3 {[%clk 0:24:00]} 29. Ne5 {[%clk 0:20:00]} Bxe2+
{[%clk 0:23:44]} 30. Kxe2 {[%clk 0:19:48]} Nd4+ {[%clk 0:23:33]} 31. Kd3 {[%clk
0:19:21]} Ne6 {[%clk 0:23:37]} 32. Be3 {[%clk 0:18:25]} Bd6 {[%clk 0:23:27]}
33. Ke4 {[%clk 0:17:47]} Kf8 {[%clk 0:22:56]} 34. Kd5 {[%clk 0:15:10]} Ke7
{[%clk 0:23:01]} 35. c5 {[%clk 0:14:44]} Bc7 {[%clk 0:22:47]} 36. Be2 {[%clk
0:12:03]} f6 {[%clk 0:21:59]} 37. Nf3 {[%clk 0:11:31]} h5 {[%clk 0:21:02]} 38.
b4 {[%clk 0:08:54]} g5 {[%clk 0:19:44]} 39. g3 {[%clk 0:08:40]} Nf8 {[%clk
0:15:18]} 40. a4 {[%clk 0:07:23]} Nd7 {[%clk 0:14:05]} 41. c6 {[%clk 0:05:46]}
bxc6+ {[%clk 0:13:24]} 42. Kxc6 {[%clk 0:05:55]} Bd8 {[%clk 0:12:49]} 43. Bxa6
{[%clk 0:05:51]} Nb8+ {[%clk 0:12:47]} 44. Kb5 {[%clk 0:05:57]} Nxa6 {[%clk
0:12:22]} 45. Kxa6 {[%clk 0:06:18]} Kd6 {[%clk 0:12:17]} 46. Kb7 Kd7 {[%clk
0:12:16]} 47. a5 {[%clk 0:06:46]} g4 {[%clk 0:12:13]} 48. Nd4 {[%clk 0:06:40]}
Be7 {[%clk 0:12:14]} 49. a6 {[%clk 0:06:53]} Bxb4 {[%clk 0:12:32]} 50. a7
{[%clk 0:07:10]} Bc5 {[%clk 0:12:53]} 51. a8=Q 1-0

[Event "DEM U12w 2021"]
[Site "Willingen GER"]
[Date "2021.08.26"]
[Round "5"]
[White "Stepanjan, Tatevik Mia"]
[Black "Hesse, Sariana"]
[Result "1-0"]
[Termination "normal"]
[Board "18"]
[WhiteElo "1170"]
[BlackElo "997"]
[WhiteClock "00:15:20"]
[BlackClock "01:11:47"]
[PlyCount "65"]
[WhiteFideId "16246128"]
[BlackFideId "34605843"]
[EventCountry "GER"]
[EventRounds "9"]
[EventType "swiss"]
[EventDate "2021.08.22"]

1. e4 {[%clk 1:30:57]} e5 {[%clk 1:30:57]} 2. Nf3 {[%clk 1:31:21]} Nc6 {[%clk
1:31:20]} 3. Bb5 {[%clk 1:31:33]} a6 {[%clk 1:31:29]} 4. Ba4 {[%clk 1:31:46]}
Nf6 {[%clk 1:31:51]} 5. Nc3 {[%clk 1:29:55]} Bc5 {[%clk 1:31:45]} 6. d3 {[%clk
1:29:17]} O-O {[%clk 1:31:40]} 7. Bg5 {[%clk 1:28:17]} Be7 {[%clk 1:30:56]} 8.
O-O {[%clk 1:27:28]} d6 {[%clk 1:30:38]} 9. d4 {[%clk 1:24:16]} Bg4 {[%clk
1:30:19]} 10. Bxc6 {[%clk 1:23:50]} bxc6 {[%clk 1:30:32]} 11. h3 {[%clk
1:22:42]} Be6 {[%clk 1:29:54]} 12. Qd2 {[%clk 1:20:52]} d5 {[%clk 1:29:21]} 13.
Bxf6 {[%clk 1:20:45]} Bxf6 {[%clk 1:29:12]} 14. dxe5 {[%clk 1:18:59]} Be7
{[%clk 1:28:44]} 15. Rfd1 {[%clk 1:17:46]} dxe4 {[%clk 1:26:58]} 16. Nxe4
{[%clk 1:17:20]} Qd5 {[%clk 1:26:03]} 17. Qe3 {[%clk 1:13:37]} Qc4 {[%clk
1:23:33]} 18. c3 {[%clk 1:10:22]} Rad8 {[%clk 1:21:14]} 19. b3 {[%clk 1:09:22]}
Qb5 {[%clk 1:20:16]} 20. c4 {[%clk 0:59:15]} Qa5 {[%clk 1:19:30]} 21. Qc3
{[%clk 0:41:12]} Qxc3 {[%clk 1:19:27]} 22. Nxc3 {[%clk 0:39:51]} f6 {[%clk
1:18:52]} 23. a4 {[%clk 0:37:20]} fxe5 {[%clk 1:18:42]} 24. Nxe5 {[%clk
0:37:16]} Bf6 {[%clk 1:17:52]} 25. Re1 {[%clk 0:28:38]} Rd2 {[%clk 1:16:34]}
26. Rac1 {[%clk 0:24:40]} Rfd8 {[%clk 1:15:35]} 27. Nxc6 {[%clk 0:20:47]} R8d3
{[%clk 1:15:22]} 28. Ne4 {[%clk 0:16:20]} Rb2 {[%clk 1:11:35]} 29. Nxf6+ {[%clk
0:14:53]} gxf6 {[%clk 1:11:33]} 30. Rxe6 {[%clk 0:14:47]} Rd6 {[%clk 1:11:35]}
31. Ne7+ {[%clk 0:14:53]} Kf7 {[%clk 1:11:29]} 32. Rxd6 {[%clk 0:15:07]} cxd6
{[%clk 1:11:47]} 33. Nf5 {[%clk 0:15:20]} 1-0

[Event "DEM U12w 2021"]
[Site "Willingen GER"]
[Date "2021.08.26"]
[Round "5"]
[White "Abram, Kristina-Maria"]
[Black "Terekhin, Maria"]
[Result "0-1"]
[Termination "normal"]
[Board "19"]
[WhiteElo "1009"]
[BlackElo "1030"]
[WhiteClock "00:49:02"]
[BlackClock "00:28:23"]
[PlyCount "84"]
[WhiteFideId "16298349"]
[BlackFideId "16277422"]
[EventCountry "GER"]
[EventRounds "9"]
[EventType "swiss"]
[EventDate "2021.08.22"]

1. e4 {[%clk 1:30:56]} e5 {[%clk 1:30:56]} 2. Bc4 {[%clk 1:31:19]} Nf6 {[%clk
1:31:20]} 3. d3 {[%clk 1:31:38]} Nc6 {[%clk 1:31:45]} 4. Nf3 {[%clk 1:31:51]}
d5 {[%clk 1:32:10]} 5. exd5 {[%clk 1:31:33]} Nxd5 {[%clk 1:32:34]} 6. Nc3
{[%clk 1:31:29]} Bb4 {[%clk 1:15:47]} 7. Bd2 {[%clk 1:27:59]} Bxc3 {[%clk
1:13:57]} 8. bxc3 {[%clk 1:27:51]} O-O {[%clk 1:11:09]} 9. O-O {[%clk 1:27:05]}
Bg4 {[%clk 1:11:23]} 10. h3 {[%clk 1:27:08]} Bh5 {[%clk 1:11:32]} 11. Bg5
{[%clk 1:24:43]} Qd6 {[%clk 1:00:05]} 12. Bxd5 {[%clk 1:20:30]} Qxd5 {[%clk
0:59:47]} 13. g4 {[%clk 1:15:27]} Bg6 {[%clk 0:59:57]} 14. d4 {[%clk 1:14:42]}
e4 {[%clk 0:47:35]} 15. Ne5 {[%clk 1:12:16]} Nxe5 {[%clk 0:46:48]} 16. dxe5
{[%clk 1:12:31]} Qxe5 {[%clk 0:47:09]} 17. f4 {[%clk 1:10:54]} Qc5+ {[%clk
0:47:12]} 18. Qd4 {[%clk 1:09:15]} Qxd4+ {[%clk 0:46:26]} 19. cxd4 {[%clk
1:09:11]} h6 {[%clk 0:46:46]} 20. Be7 {[%clk 1:08:29]} Rfe8 {[%clk 0:46:40]}
21. Ba3 {[%clk 1:08:41]} f5 {[%clk 0:45:42]} 22. Rfe1 {[%clk 1:08:04]} Rad8
{[%clk 0:44:25]} 23. Rab1 {[%clk 1:07:12]} b6 {[%clk 0:44:28]} 24. Rbd1 {[%clk
1:05:59]} e3 {[%clk 0:41:29]} 25. Rd3 {[%clk 1:05:55]} fxg4 {[%clk 0:39:41]}
26. Rdxe3 {[%clk 1:05:26]} Rxe3 {[%clk 0:39:45]} 27. Rxe3 {[%clk 1:05:46]} gxh3
{[%clk 0:39:27]} 28. Rxh3 {[%clk 1:05:33]} Rxd4 {[%clk 0:39:17]} 29. Rc3 {[%clk
1:04:13]} c5 {[%clk 0:38:41]} 30. Bb2 {[%clk 1:03:16]} Rxf4 {[%clk 0:38:08]}
31. Re3 {[%clk 1:02:36]} Rg4+ {[%clk 0:38:02]} 32. Kf2 {[%clk 0:59:57]} Bxc2
{[%clk 0:34:45]} 33. Re8+ {[%clk 0:58:15]} Kf7 {[%clk 0:34:47]} 34. Ra8 Ra4
{[%clk 0:33:46]} 35. a3 {[%clk 0:57:04]} g5 {[%clk 0:33:52]} 36. Rh8 {[%clk
0:56:58]} Kg6 {[%clk 0:33:24]} 37. Rg8+ {[%clk 0:54:40]} Kh5 {[%clk 0:31:26]}
38. Kg3 {[%clk 0:52:25]} Rg4+ {[%clk 0:31:06]} 39. Kf3 {[%clk 0:52:14]} Bd1+
{[%clk 0:31:17]} 40. Ke3 {[%clk 0:51:32]} Rg3+ {[%clk 0:30:27]} 41. Ke4 {[%clk
0:50:26]} Kg4 {[%clk 0:28:07]} 42. Ra8 {[%clk 0:49:02]} Bf3+ {[%clk 0:28:23]}
0-1